00449nam a2200133 a 450000100100000000500170001000800410002704000250006808200150009310000300010824501100013826000400024830000270028800002169420200930011419.0100910s1962 dr a 000 0 spa d aDO-SdBNPbspacBNPHU axxxbM385c1 aMartínez, Julio César10aEl caso de "La Nación" ante la opinión pública /cJulio César Martínez, Rafael E. Ruiz Mejía. aSanto Domingo :bDel Caribe,c1962. a80 p. :bil. ;c25 cm.